00634cam a22002171 4500001001300000003000400013005001700017008004100034010001700075035002000092040001700112042001200129043001200141050001700153110004300170245007300213260006400286300001800350651003100368999001700399sa 64003866 DLC20260227112020.0840427s1961 io f000 0 eng  asa 64003866  a(OCoLC)21725898 aDLCcCUdDLC apremarc aa-io---00aHC447b.A5391 aIndonesia.bDewan Perantjang Nasional.10aBroad outlines of the National Overall Development Plan, 1961-1969.  a[Djakarta]bSecretariat, National Planning Councilc[1961?] a43 p.c22 cm. 0aIndonesiaxEconomic policy c58159d58159